Biology General Knowledge #2 - Statistics

General Stats
  • This quiz has been taken 256 times
  • The average score is 4 of 15
Answer Stats
Hint Answer % Correct
Founder of genetics Gregor Mendel
61%
Layer of the mammalian eye containing rods and cones Retina
57%
This enzyme separates DNA strands DNA helicase
45%
Type of muscle found in the wall of the heart Cardiac muscle
38%
The main respiratory substrate in aerobic respiration Glucose
37%
This hormone is tested for during a pregnancy test Chorionic gonadotropin
30%
The most common neurotransmitter in the nervous system of vertebrates Acetylcholine
28%
What phylum is often referred to as 'vertebrates' Chordata
28%
The main blood system used in blood transfusion compatibility ABO system
25%
This stage of respiration can continue without oxygen Glycolysis
25%
The gel-like matrix of a chloroplast Stroma
25%
The first eukaryotic organism whose genome was fully sequences Yeast
10%
In spiders, the head and thorax is combined into this structure Cephalothorax
9%
This instrument is a counting-chamber device used to count cell numbers Haemocytometer
6%
Filamentous structures that anchor mosses to the ground Rhizoids
5%
No matching quizzes found
Score Distribution
Percent of People with Each Score
Percentile by Number Answered
Your Score History
You have not taken this quiz